|
|
|
|
| LEADER |
00000nam0a2200000 4500 |
| 001 |
336297 |
| 005 |
20231102004836.0 |
| 010 |
|
|
|a 9785906109514
|
| 035 |
|
|
|a (RuTPU)RU\TPU\book\362713
|
| 090 |
|
|
|a 336297
|
| 100 |
|
|
|a 20171012d2017 m y0rusy50 ca
|
| 101 |
0 |
|
|a rus
|
| 102 |
|
|
|a RU
|
| 105 |
|
|
|a a j 001zy
|
| 200 |
1 |
|
|a Добыча, переработка и транспортировка высоковязких нефтей, природных битумов и битумоносных пород
|e учебное пособие
|f Т. Ф. Ганиева, В. К. Половняк
|
| 210 |
|
|
|a Санкт-Петербург
|c Проспект Науки
|d 2017
|
| 215 |
|
|
|a 112 с.
|c ил.
|
| 320 |
|
|
|a Библиогр.: с. 110-111
|
| 330 |
|
|
|a Обобщен материал о высоковязких нефтях, природных битумах и битумоносных породах. Дана оценка их ресурсов, состава и физико-химических свойств. Показано, что освоение месторождений высоковязких нефтей, природных битумов и битумоносных пород является сложной проблемой. В связи с этим, особое внимание уделено разработанным инновационным технологиям их добычи, переработки и транспортировки.
|
| 606 |
1 |
|
|a Нефть вязкая
|x Добыча
|x Интенсификация
|2 stltpush
|3 (RuTPU)RU\TPU\subj\45899
|9 65089
|
| 606 |
1 |
|
|a Битумы природные
|x Химическая технология
|2 stltpush
|3 (RuTPU)RU\TPU\subj\75633
|9 87322
|
| 610 |
1 |
|
|a высоковязкие нефти
|
| 610 |
1 |
|
|a битумоносные породы
|
| 610 |
1 |
|
|a ресурс
|
| 610 |
1 |
|
|a оценка
|
| 610 |
1 |
|
|a состав
|
| 610 |
1 |
|
|a физико-химические свойства
|
| 610 |
1 |
|
|a битуминозные песчаники
|
| 610 |
1 |
|
|a транспорт
|
| 610 |
1 |
|
|a учебные пособия
|
| 675 |
|
|
|a 622.276.6(075.8)
|v 4
|
| 675 |
|
|
|a 665.775(075.8)
|v 4
|
| 700 |
|
1 |
|a Ганиева
|b Т. Ф.
|g Тамилла Фатхиевна
|
| 701 |
|
1 |
|a Половняк
|b В. К.
|g Владимир Константинович
|
| 801 |
|
1 |
|a RU
|b 63413507
|c 20171012
|
| 801 |
|
2 |
|a RU
|b 63413507
|c 20191001
|g RCR
|
| 942 |
|
|
|c BK
|
| 959 |
|
|
|a 2/20170120
|d 1
|e 0
|f ЧЗТЛ:1
|
| 959 |
|
|
|a 9/20190903
|d 2
|e 660,00
|f УФ:2
|